Sports Quiz

Random Sports or Auto Racing Quiz

F1 1982 Lap Leaders (in order) Quiz Stats

 Plays Quiz not verified by Sporcle

Challenge
Share
Tweet
Embed
Score 0/13 Timer 02:00
0 Plays Today
Laps in lead (Races) Driver % Correct
258 (7/16)Alain Prost
98%
139 (6/16)Nelson Piquet
95.2%
204 (10/16)René Arnoux
91.2%
80 (3/16)Keke Rosberg
88.3%
128 (2/16)Niki Lauda
87.8%
80 (4/16)Didier Pironi
87.8%
40 (2/16)Gilles Villeneuve
85.7%
28 (2/16)John Watson
81%
33 (3/16)Riccardo Patrese
78.9%
27 (1/16)Patrick Tambay
72.8%
5 (1/16)Elio de Angelis
70.7%
14 (1/16)Andrea de Cesaris
69.4%
24 (1/16)Michele Alboreto
68%

You're not logged in!

Compare scores with friends on all Sporcle quizzes.
OR
Log In

You Might Also Like...

Show Comments

Extras

Top Quizzes Today


Score Distribution

Your Account Isn't Verified!

In order to create a playlist on Sporcle, you need to verify the email address you used during registration. Go to your Sporcle Settings to finish the process.

Report this User

Report this user for behavior that violates our Community Guidelines.

Details: